Les meilleurs buteurs de l'histoire de l'Olympique lyonnais - Statistiques

Statistiques générales
  • Ce quiz a été pris 165 fois
    40 depuis la dernière actualisation
  • Le résultat moyen est 6 sur 10
Statistiques - réponses
Buts Nationalité Joueur % Correct
201 France Alexandre Lacazette
97%
100 Brésil Juninho Pernambucano
86%
82 Argentine Lisandro López
81%
149 France Bernard Lacombe
72%
222 France Fleury Di Nallo
69%
94 Brésil Sonny Anderson
69%
95 France Bafétimbi Gomis
56%
132 France Serge Chiesa
56%
94 Argentine / France Nestor Combin
14%
91 France Ernest Schultz
8%
Aucun quiz correspondant
Distribution des résultats
% des personnes avec chaque résultat
Percentile par nombre de réponses
Votre historique - résultats
Vous n’avez pas pris ce quiz depuis la dernière actualisation